Poesies / per Antoni Vallmanya ; edició crítica de Jaume Auferil
ISBN:
978-84-9779-570-8
Descripción Física:
555 p. ; 24 cm
Colección:
Estudis ; 40
MARC
| LEADER | 00000nam a2200000Ia 4500 | ||
|---|---|---|---|
| 001 | 20456 | ||
| 008 | 160829s2007 xx 000 0 cat d | ||
| 020 | |a 978-84-9779-570-8 | ||
| 080 | |a L-2-97 | ||
| 100 | |a Vallmanya, Antoni |9 45680 | ||
| 245 | |a Poesies / per Antoni Vallmanya ; edició crítica de Jaume Auferil | ||
| 260 | |a Barcelona : |b Fundació Noguera ; Lleida : |b Pagès, |c 2007 | ||
| 300 | |a 555 p. ; |c 24 cm | ||
| 490 | |a Estudis ; 40 | ||
| 590 | |a Bibliografia. | ||
| 590 | |a Text en català i llatí | ||
| 650 | |a Vallmanya, Antoni |x Crítica i interpretació |9 45681 | ||
| 650 | |a Poesia catalana |x S. XV |9 45682 | ||
| 700 | 1 | |a Auferil i Bea, Jaume |9 45683 | |
| 700 | |a Fundació Noguera |9 70407 | ||
| 901 | |a Arxiu | ||
| 942 | |n 1 | ||
| 952 | |0 0 |1 0 |4 0 |6 L297 |7 1 |9 52757 |a Arxiu |b Arxiu |d 2016-12-01 |l 0 |o L-2-97 |p 20456 |r 2016-12-01 00:00:00 |w 2016-12-01 |y ARXIU | ||
| 999 | |c 56606 |d 56606 | ||